01009 2200325 4500001002100000005001500021035002000036007000300056008004100059020002200100082001500122084001700137100003000154245010400184250003400288300002800322500001100350650003300361504002500394264003200419336002100451337003000472338002300502040002200525090002200547850001200569999002200581546005800603990002200661INLIS00000000089676520250605111954 a0010-0625000136ta250605 g 0 eng  a978-634-01-0088-404223a428.02 a428.02 DEV b0 aDevi HellystiaePengarang10aBridge across languages :btranslating legal documents to Indonesian from English /cDevi Hellystia aCetakan Pertama, Januari 2025 ax, 144 halaman ;c23 cm aIndeks 4aBahasa Inggris--xterjemahan aTermasuk bibliografi31aSleman :bDeepublish,c2025 2rdacontentateks 2rdamediaatanpa perantara 2rdacarrieravolume aYOPDYOGbinderda aCB-D.11 2025-1180 aYOPDYOG aCB.D.11/2025-1180 aTeks terdiri dari bahasa Indonesia dan bahasa Inggris aCB-D.11/2025-1180